Open Data Biblioteca Nacional de Portugal


República Portuguesa: Ministério da Cultura
Biblioteca Nacional de Portugal

Catálogo da BNP: acesso por Identificadores Unívocos
Registos Bibliográficos associados ao registo de autoridade

Etiqueta de registo: 00000nam 2200025 450
001 2020998
003 http://id.bnportugal.gov.pt/bib/catbnp/2020998
010 ## $a978-989-52-1005-3
021 ## $aPT$b428987/17$z428986/17
100 ## $a20190506d2017 m y0pory01030103ba
101 0# $apor
102 ## $aPT
105 ## $ay z 000yy
106 ## $ar
200 1# $a A clínica psicanalítica do envelhecimento e suas particularidades$fJosé Maurício da Silva
205 ## $a1ª ed
210 #9 $aLisboa$cChiado Editora,$d2017
215 ## $a318, [2] p.$d22 cm
225 2# $aCompendium
675 ## $a159.964-053.9$vBN$zpor$31751692
675 ## $a616.89-053.9$vBN$zpor$3551735
675 ## $a613.98$vBN$zpor$3299434
700 #1 $aSilva,$bJosé Maurício da$31751401
801 #0 $aPT$bBN$gRPC
856 41 $uhttp://rnod.bnportugal.gov.pt/ImagesBN/winlibimg.aspx?skey=&doc=2020998&img=124961&save=true
900 ## $aBIBNAC$d20190513
966 ## $lBN$mFGMON$sS.A. 171859 V.$x1
966 ## $lBN$mFGMON$sS.A. 171859 V.-D$x1

OpendataBNP@bnportugal.pt | Mais informação sobre acesso aos dados BNP